000 00286nam a22001337a 4500
008 181023b xxu||||| |||| 00| 0 eng d
020 _a9781576750803
041 _aeng
080 _a658
100 _a54
101 _aLID
245 _aFusion Leadership
_cDaft,R.L
942 _2udc
_cBK
999 _c50704
_d50704